LEADER 00874naa a2200193 u 4500 001 000000095140 003 CaOOAMICUS 005 20070226130141.0 008 040602s1967 gw u000 u ger u 035 $a10997490 040 $aIAR$bita 100 1 $aCvetko, Dragotin.$0(OLS)http://pul/name/61052 245 14$aDie Quellen zur Biographie von J.B. Dolar /$cDragutin Cvetko. 260 $aWiesbaden :$bHarrassowitz,$c1967. 300 $av.3, S. 155-159, ;$c24 cm 773 0 $aGeschichte der Ost- und Westkirche in ihren wechselseitigen Beziehungen. 773 0 $aCongresso internazionale di storia slava.$tActa congressus historiae Slavicae Salisburgensis in memoriam ss. Cyrilli et Methodii anno 1963 celebrati$w()12921 996 $6245$aDie Quellen zur Biographie von J.B. Dolar$9(OLS)http://pul/title/122019 996 $6260$aWiesbaden :$bHarrassowitz$9(OLS)http://pul/publisher/53801 LEADER 01079nam a22002654a 4500 001 000000115180 003 CaOOAMICUS 005 20090403113316.0 008 090403s2000 it u000 u ita r 020 $a88-02-05662-5 040 $aPUL$bita$dLDB 100 1 $aBertolotti, Angelo,$d1947-$0(OLS)http://pul/name/71276 245 13$aIl contratto di subfornitura /$cAngelo Bertolotti. 260 $aTorino :$bUTET,$cc2000. 300 $axiii, 301 p. ;$c24 cm 490 1 $aIl diritto attuale ;$v43 504 $aInclude riferimenti bibliografici 650 4$aSubcontratto di fornitura.$0(OLS)http://pul/subject/35236 830 3$aIl diritto attuale ;$v43.$0(OLS)http://pul/title/52374 850 $aPUL 852 $aPUL$W1$xSL Diritto e Scienze Sociali 3$y79$m300 A 17.43$j131882$qDDC 21$B130867$CPULBib$Z2$F130867 $H109839 $82 941 1 $a9 996 $6020$a88-02-05662-5$9(OLS)http://pul/number/140204 996 $6245$aIl contratto di subfornitura$9(OLS)http://pul/title/144746 996 $6260$aTorino :$bUTET$9(OLS)http://pul/publisher/48088